Mathematics through play in the early years

Saved in:
Bibliographic Details
Main Author: TUCKER, Kate
Format: Book
Language:English
Published: Sage 2014
Tags: Add Tag
No Tags, Be the first to tag this record!

MARC

LEADER 00000nam a22000007a 4500
008 210126b ||||| |||| 00| 0 eng d
020 |a 978-1-4462-6977-0 
100 |a TUCKER, Kate. 
245 |a Mathematics through play in the early years  |c Kate Tucker.  |g x; 150p.; ill. 
250 |b 3rd ed. 
260 |b Sage  |c 2014  |h Los Angeles  |i 692352  |i 692353  |l QA20.G35 .T79  |m Mathematics – Study and teaching (Elementary) – Great Britain.  |m Games on mathematics education – Great Britain. 
942 |a lcc  |c BK  |e YUNUSA, A.A.  |f 26/01/2021 
952 |0 0  |1 0  |2 lcc  |4 0  |6 QA0020 G35 T79  |7 0  |9 1911  |a HOL  |b SL  |c QZ  |d 2021-01-26  |l 0  |o QA20.G35 .T79  |p 2021-5777  |r 2021-01-26 00:00:00  |w 2021-01-26  |y BK 
952 |0 0  |1 0  |2 lcc  |4 0  |6 QA0020 G35 T79  |7 0  |9 1912  |a HOL  |b HOL  |c QZ  |d 2021-01-26  |l 0  |o QA20.G35 .T79  |p 2021-5778  |r 2021-01-26 00:00:00  |w 2021-01-26  |y BK 
999 |c 1007  |d 1007